| Tag |
First Indicator |
Second Indicator |
Subfields |
| LEADER |
00000cam a2200000 4500 |
| 001 |
in00000022678 |
| 005 |
20151007064108.0 |
| 008 |
760609s1956 nyu 00001 engm |
| 010 |
|
|
|a 56011347
|
| 035 |
|
|
|a (OCoLC)02220027
|
| 035 |
|
|
|9 AAD9034AM
|
| 040 |
|
|
|a DLC
|c YHM
|d YHM
|d TXA
|d UtOrBLW
|
| 049 |
|
|
|a TXAM
|c [273594]
|
| 050 |
|
0 |
|a PN1997.C55
|b S24 1956
|
| 092 |
|
|
|a 813
|b C587s
|
| 100 |
1 |
|
|a Clancy, Carl Stearns.
|
| 245 |
1 |
4 |
|a The saga of Leif Ericsson :
|b discoverer of America.
|
| 250 |
|
|
|a [1st ed.].
|
| 264 |
|
1 |
|a New York :
|b Pageant Press,
|c [1956]
|
| 300 |
|
|
|a 233 pages ;
|c 21 cm.
|
| 336 |
|
|
|a text
|b txt
|2 rdacontent
|
| 337 |
|
|
|a unmediated
|b n
|2 rdamedia
|
| 338 |
|
|
|a volume
|b nc
|2 rdacarrier
|
| 600 |
0 |
0 |
|a Leiv Eiriksson,
|d -approximately 1020
|v Fiction.
|
| 999 |
|
|
|a MARS
|
| 999 |
f |
f |
|s a8d5f494-7418-3f96-a667-881e24ebd172
|i 538c5e86-7eac-316f-a9e5-451cdb565643
|t 0
|
| 952 |
f |
f |
|p ric
|a Texas A&M University
|b Rellis Campus
|c Joint Library Facility
|d Remote Storage
|t 0
|e PN1997.C55 S24 1956
|h Library of Congress classification
|i unmediated -- volume
|m A14801232398
|
| 998 |
f |
f |
|a PN1997.C55 S24 1956
|t 0
|l Remote Storage
|